American enterprise in Japan
সংরক্ষণ করুন:
| প্রধান লেখক: | |
|---|---|
| বিন্যাস: | গ্রন্থ |
| ভাষা: | Undetermined |
| প্রকাশিত: |
New York
State University Of New York Press
1991
|
| বিষয়গুলি: | |
| ট্যাগগুলো: |
ট্যাগ যুক্ত করুন
কোনো ট্যাগ নেই, প্রথমজন হিসাবে ট্যাগ করুন!
|
| Thư viện lưu trữ: | Trung tâm Học liệu Trường Đại học Cần Thơ |
|---|
| LEADER | 00490nam a2200181Ia 4500 | ||
|---|---|---|---|
| 001 | CTU_77828 | ||
| 008 | 210402s9999 xx 000 0 und d | ||
| 082 | |a 338.8 | ||
| 082 | |b H198 | ||
| 100 | |a Tomoko, Hamada | ||
| 245 | 0 | |a American enterprise in Japan | |
| 245 | 0 | |c Tomoko Hamada | |
| 260 | |a New York | ||
| 260 | |b State University Of New York Press | ||
| 260 | |c 1991 | ||
| 650 | |a Industrial management | ||
| 650 | |z Japan | ||
| 980 | |a Trung tâm Học liệu Trường Đại học Cần Thơ | ||